Variace /
Příběh Hudsona a Allie začal už dávno. Vždy se proplétal, ale nikdy se skutečně neprotnul. Nyní jsou oba již dospělí lidé a tak je možná na čase, vyjasnit si další životní kroky.
Uloženo v:
| Hlavní autor: | |
|---|---|
| Další autoři: | |
| Médium: | Kniha |
| Jazyk: | Czech |
| Vydáno: |
Praha :
Dobrovský s.r.o.,
2026
|
| Edice: | Red
|
| Témata: | |
| Celkem bylo vypůjčeno: | 0x |
| Tagy: |
Žádné tagy |
| LEADER | 02182nam a2200469 i 4500 | ||
|---|---|---|---|
| 001 | 106739 | ||
| 003 | CZ PrNK | ||
| 005 | 20260703113239.0 | ||
| 007 | ta | ||
| 008 | 260611s2026 xr g 000 f cze | ||
| 015 | |a cnb003762986 | ||
| 020 | |a 9788027743407 |q (brožováno) : |c Kč 499,00 | ||
| 040 | |a ABG001 |b cze |d BOA001 |e rda | ||
| 041 | 1 | |a cze |h eng | |
| 072 | 7 | |a 821.111(73)-3 |x Americká próza |2 Konspekt |9 25 | |
| 080 | |a 821.111(73)-31 |2 MRF | ||
| 080 | |a (0:82-312.5) |2 MRF | ||
| 080 | |a (0:82-31)-055.2 |2 MRF | ||
| 100 | 1 | |a Yarros, Rebecca, |d 1981- |7 xx0306981 |4 aut |9 114771 | |
| 240 | 1 | 0 | |a Variation. |l Česky |
| 245 | 1 | 0 | |a Variace / |c Rebecca Yarros ; přeložila Lenka Lichtenberg |
| 264 | 1 | |a Praha : |b Dobrovský s.r.o., |c 2026 | |
| 300 | |a 472 stran ; |c 20 cm | ||
| 336 | |a text |b txt |2 rdacontent | ||
| 337 | |a bez média |b n |2 rdamedia | ||
| 338 | |a svazek |b nc |2 rdacarrier | ||
| 490 | 1 | |a Red | |
| 500 | |a Přeloženo z angličtiny | ||
| 520 | 2 | |a Příběh Hudsona a Allie začal už dávno. Vždy se proplétal, ale nikdy se skutečně neprotnul. Nyní jsou oba již dospělí lidé a tak je možná na čase, vyjasnit si další životní kroky. |b Hudson je záchranář pobřežní stráže, Allie pokračuje v rodinné tradici a je špičkovou baletkou. Životy těch dvou se proplétají od doby, kdy bylo Allie šestnáct let... Nyní oba musí vyřešit, jaké budou jejich další kroky, jak se vyrovnají s hlubokými jizvami z minulosti a jak vyváží rodinná očekávání a své osobní touhy. Nakladatelská anotace. | |
| 655 | 7 | |a americké romány |7 fd131796 |2 czenas |9 53403 | |
| 655 | 7 | |a milostné romány |7 fd132840 |2 czenas |9 53718 | |
| 655 | 7 | |a romány pro ženy |7 fd187897 |2 czenas |9 115 | |
| 655 | 9 | |a American fiction |2 eczenas | |
| 655 | 9 | |a love novels |2 eczenas | |
| 655 | 9 | |a women's novels |2 eczenas | |
| 700 | 1 | |a Lichtenberg, Lenka, |d 1955- |7 xx0136419 |4 trl |9 109230 | |
| 710 | 2 | |a Dobrovský (firma) |7 olak2017946581 |4 pbl |9 117120 | |
| 830 | 0 | |a Red | |
| 910 | |a UOG502 | ||
| 942 | |2 ddc |c KN | ||
| 999 | |d 106739 | ||
| 993 | |0 0 |1 421180107470 |2 ddc |4 0 |7 0 |9 100255 |b 0 |c 107470 |d 2026-07-03 |e 0 |f DOSP |h 499.00 |i Koupě |l DOSP |r 2026-07-03 |t 6 |w 2026-07-03 |y KN |z BELET |n | ||